| 000 | 00406nam a22001217a 4500 | ||
|---|---|---|---|
| 082 | _a220 PRO | ||
| 100 |
_aALI,ABDULLAH,AMINA _971636 |
||
| 245 | _aPR-SOF-1349-BRAIN COMPUTER INTERFACE-CLASSIFICATION OF FLEXION & EXTENSION MOVEMENTS OF ELBOW & WRIST USING EEG | ||
| 260 |
_aISLAMABAD _bNUST COLLEGE OF EME _c2014 |
||
| 650 | _a DE-MTS-32 | ||
| 700 |
_aDR JAVID IQBAL,DR MOHSIN TIWANA _971637 |
||
| 942 | _cCR | ||
| 999 |
_c578045 _d578045 |
||